01221cam a22002895a 4500001001400000003000400014005001700018008004100035020001800076040004800094082002100142245007700163260005400240300004800294500002400342504004100366506006200407590014700469650005300616650003000669651001000699653003200709700002200741942000800763999001700771952014300788ssj0001535451OSt20161018150100.0150526t2015 inua frb 001 0 eng d a9781118961773 aCaPaEBRbengepncCaPaEBRdWaSeSSdEG-ScBUE04a005.133bAPP22200aApplied microsoft business intelligence /cPatrick Leblanc ... [et al.]. aIndianapolis :bJohn Wiley & Sons, Inc.,cc.2015. axxvii, 432 p. :bill. (some col.) ;c24 cm. aIndex : p. 391-401. aIncludes bibliographical references. aAvailable on campus and off campus with authorized login. aElectronic reproduction. Palo Alto, Calif. : ebrary, 2015. Available via World Wide Web. Access may be limited to ebrary affiliated libraries. 0aBusiness intelligencexComputer programs.2BUEsh 0aBusiness planning.2BUEsh 2BUEsh bCOMSCIbBUSADMcOctober20161 aLeblanc, Patrick. 2ddc c22691d22663 00102ddc40708AcademicaMAINbMAINcLOWd2016-10-18ePurchaseg420.00h9128l0o005.133 APPp000033366r2025-07-15 00:00:00v525.00yBB